000 00889nam a2200253 i 4500
001 000038708
003 DO-SdBNP
005 20250303141854.0
007 ta
008 130418s2000 dr 000 0 spa d
040 _aDO-SdBNP
_bspa
_cBNPHU
_erda
082 4 _222
_axxx
_bP349h
100 1 _aPeña Ventura, Arnaldo,
_eautor
_4aut.
_965016
245 1 0 _aHábitos, métodos y técnicas de estudio /
_cArnaldo Peña Ventura, Príamo Rodríguez Castillo.
250 _aquinta edición, revisada y ampliada
264 4 _aSantiago de los Caballeros, República Dominicana :
_bUTESA,
_c2000.
300 _a42 páginas ;
_c21 cm.
336 _atexto
_btxt
_2rdacontent
337 _asin mediación
_bn
_2rdamedia
338 _avolumen
_bnc
_2rdacarrier
700 1 _aRodríguez Castillo, Príamo,
_eautor
_4aut.
_964499
710 1 _aUniversidad Tecnológica de Santiago
_964899
942 _2ddc
_cLF2
999 _c38198
_d38198